| 000 | 00546nam a2200169 a 4500 | ||
|---|---|---|---|
| 001 | 000038381 | ||
| 003 | OSt | ||
| 005 | 20201116122030.0 | ||
| 008 | 130410s1993 000 spa d | ||
| 040 |
_aDO-SdBNP _bspa _cBNPHU |
||
| 100 | 1 |
_aDitren Díaz, Ramón Isidro _964731 |
|
| 245 | 1 | 0 |
_aLiteratura Cooperativa : _bun aporte a la historia del cooperativismo dominicano / _cRamón Isidro Ditren Díaz. |
| 260 |
_aSanto Domingo : _bDiálogo , _c1993. |
||
| 300 |
_a291 p. : _bil. ; _c21 cm. |
||
| 590 | _aInventariado, 2020 /LP | ||
| 942 |
_2ddc _cLBS1 |
||
| 999 |
_c37871 _d37871 |
||